Ładuje się......

Child and adolescent mental health /

Opis bibliograficzny
Format: Printed Book
Język:English
Wydane: London: Sage Publications Limited, 2012.
Hasła przedmiotowe:
LEADER 01105cam a2200265 i 4500
008 120924s2012 maua b 001 0 eng
010 |a  2012038793 
020 |a 9788132109655 (hardback : alk. paper) 
041 |a eng 
042 |a pcc 
082 0 0 |a 155.4  |2 23 
245 0 0 |a Child and adolescent mental health /  |c edited by Usha S. Nayar. 
260 |a London:   |b Sage Publications Limited,  |c 2012. 
300 |a xxiv, 363 pages :  |b illustrations ;  |c 25 cm 
504 |a Includes bibliographical references and index. 
650 0 |a Child mental health. 
650 0 |a Teenagers  |x Mental health. 
650 0 |a Developmental psychology. 
650 0 |a Evidence-based psychotherapy. 
700 1 |a Nayar, Usha S.,  |e editor of compilation. 
906 |a 7  |b cbc  |c orignew  |d 1  |e ecip  |f 20  |g y-gencatlg 
942 |c BK 
955 |b xh00 2012-09-24  |c xh07 2012-09-24  |a xh11 2012-10-12 (rev)  |a xn08 2013-02-25 1 copy rec'd., to CIP ver. 
999 |c 187108  |d 187108 
952 |0 0  |1 0  |2 ddc  |4 0  |6 155_400000000000000_USH_C  |7 0  |9 206401  |a EDU  |b EDU  |c ST1  |d 2016-05-10  |g 0.00  |i 7034  |l 3  |o 155.4 USH/C  |p EDU7034  |r 2018-07-25  |s 2018-07-09  |w 2016-05-10  |y BK